000
00242nam a2200097Ia 4500
001
792135
005
20250826170623.0
008
250824s9999 xx 000 0 und d
245
0
_a
NEMİDE
_c
HALİD ZİYA UŞAKLIGİL
260
_b
ÖZGÜR YAYINLARI
999
_c
792135
_d
792135